| 000 | 00703nam a2200169Ii 4500 | ||
|---|---|---|---|
| 003 | JO-AjNU | ||
| 008 | 230605s9999||||xx |||||||||||||| ||und|| | ||
| 040 |
_aJO-AjNU _bara _erda _cJO-AjNU |
||
| 041 | _aara | ||
| 050 | 1 | 4 | _aN5300.S5288 1994 |
| 100 | 3 |
_aالالفي،ابو صالح تأليف/ الشال،محمود م.مشارك/حسين،محمد م.مشارك/البسيوني، محمود م.مشارك/شريف، حسين م.مشارك, _eauthor _916351 |
|
| 245 | 0 | 0 | _aالتذوق وتاريخ الفن |
| 264 | 3 | 1 | _aالقاهرة:دار نهضة مصر للطبع والنشر،1994 |
| 336 |
_atext _btxt _2rdacontent |
||
| 337 |
_aunmediated _bn _2rdamedia |
||
| 338 |
_avolume _bnc _2rdacarrier |
||
| 999 |
_aA4824 _c8392 _d8392 |
||